Going Public (Record no. 5521)

MARC details
000 -LEADER
fixed length control field 00530nam a22001697a 4500
005 - DATE AND TIME OF LATEST TRANSACTION
control field 20250519100733.0
008 - FIXED-LENGTH DATA ELEMENTS--GENERAL INFORMATION
fixed length control field 250519b |||||||| |||| 00| 0 eng d
040 ## - CATALOGING SOURCE
Transcribing agency DepED Dasmarinas City
245 ## - TITLE STATEMENT
Title Going Public
490 ## - SERIES STATEMENT
SERIES STATEMENT National Geographic
520 ## - SUMMARY, ETC.
Summary, etc. Public Lands, Deadly Silk, Arctic National Wildlife Refuge, Russia's Frozen Inferno, Megatransect III, France's Magical Cave Art, Ocean Grove, New Jersey
650 ## - SUBJECT ADDED ENTRY--TOPICAL TERM
General subdivision SPIDERWEBS
650 ## - SUBJECT ADDED ENTRY--TOPICAL TERM
General subdivision RUSSIA
650 ## - SUBJECT ADDED ENTRY--TOPICAL TERM
General subdivision MEGATRANSECT PART III
650 ## - SUBJECT ADDED ENTRY--TOPICAL TERM
General subdivision CHAUVET CAVE
942 ## - ADDED ENTRY ELEMENTS (KOHA)
Source of classification or shelving scheme Dewey Decimal Classification
Koha item type Continuing Resources
999 ## -
-- 5521
-- 5521
Holdings
Homebranch current branch Barcode
DepED Dasmarinas City DepED Dasmarinas City DSMSR082001-062